Errático proceso electoral

Salvato in:
Dettagli Bibliografici
Natura: testo
Soggetti:
Tags: Aggiungi Tag
Nessun Tag, puoi essere il primo ad aggiungerne!!

MARC

LEADER 00000 a a2200000 04500
001 5821
003
040
245 |a Errático proceso electoral  
650 |a ELECCIONES  
650 |a PARTIDOS POLITICOS  
650 |a ORGANIZACIONES NO GUBERNAMENTALES  
650 |a LEGISLACION  
650 |a SISTEMAS ELECTORALES  
773 |g volumen 14, número 598; páginas 4-6  
999 |c 39364  |d 39364